Poesías completas / (Registro nro. 11128)

Detalles MARC
000 -LIDER
fixed length control field 00976nam a22003017a 4500
001 - NÚMERO DE CONTROL
Identificador de número de control 001007
003 - IDENTIFICACDOR DE NÚMERO DE CONTROL
control field DO-SdBNP
005 - DATE AND TIME OF LATEST TRANSACTION
control field 20171113134152.0
007 - CAMPOS FIJOS DE DESCRIPCIÓN FÍSICA
fixed length control field 001007
008 - ELEMENTOS DE LONGITUD FIJA
fixed length control field 160809b 1994 sp 00| 0 spa d
020 ## - ISBN
International Standard Book Number 8476726376
040 ## - FUENTE DE CATALOGACIÓN
Agencia que crea de manera original el registro BPMSU
Idioma de catalogación spa
Agencia que realiza la transcripción BPMSU
082 ## - NÚMERO DE CLASIFICACIÓN DECIMAL DE DEWEY
Edition number
Classification number 861.3
Item number V422p
100 1# - ASIENTO PRINCIPAL -- NOMBRE PERSONAL
Nombre personal Vega, Garcilaso de la
Fechas asociadas con el nombre 1501?-1536.
245 1# - MENCIÓN DE TITULO
Título Poesías completas /
Mención de responsabilidad Garcilaso de la Vega ; edición Jorge Garza Castillo ; prólogo Frances L. Cardona
260 ## - PUBLICACIÓN, DISTRIBUCIÓN, ETC. (PIE DE IMPRENTA)
Lugar de publicación, distribución, etc Barcelona :
Nombre del editor, distribuidor, etc. Edicomunicación,
Fecha de publicación, distribución, etc 1994.
300 ## - DESCRIPCIÓN FÍSICA
Extensión 189 p. ;
Dimensiones 18 cm.
490 1# - MENCIÓN DE SERIES
Mención de serie Clásicos universales
-- Fontana
650 #4 - ENCABEZAMIENTO DE MATERIA--TEMÁTICO
Término temático o nombre geográfico como elemento de entrada POESÍAS ESPAÑOLA
650 #4 - ENCABEZAMIENTO DE MATERIA--TEMÁTICO
Término temático o nombre geográfico como elemento de entrada LITERATURA ESPAÑOLA
700 1# - ASIENTO SECUNDARIO -- NOMBRE PERSONAL
Nombre personal Garza Castillo, Jorge
Mención de responsabilidad edictor
700 1# - ASIENTO SECUNDARIO -- NOMBRE PERSONAL
Nombre personal L. Cardona, Frances,
Mención de responsabilidad prólogo
830 #0 - ASIENTO SECUNDARIO DE SERIE--TÍTULO UNIFORME
Título uniforme Clásicos universales
Nombre de la parte o sección de una obra Fontana
942 ## - ADDED ENTRY ELEMENTS (KOHA)
Source of classification or shelving scheme Dewey Decimal Classification
Koha item type Libros
945 ## - INFORMACIÓN DE PROCESAMIENTO LOCAL
Información de procesamiento local Ivnentariado extranjero / 2017 VM
956 ## - LOCAL ELECTRONIC LOCATION AND ACCESS (OCLC)
Nombre de host BTAVÁREZ
Número de acceso 10
Información de compresión 20160908
Trayectoria 001007
956 ## - LOCAL ELECTRONIC LOCATION AND ACCESS (OCLC)
Nombre de host VMATEO
Número de acceso 10
Información de compresión 20160930
Trayectoria BPMSU
Método de acceso 0069
Existencias
Withdrawn status Lost status Source of classification or shelving scheme Damaged status Not for loan Collection code Home library Current library Date acquired Source of acquisition Total Checkouts Full call number Barcode Date last seen Price effective from Koha item type Copy number
    Dewey Decimal Classification     Colección General Biblioteca Pública Metropolitana Salomé Ureña Biblioteca Pública Metropolitana Salomé Ureña 08/09/2016   861.3 V521p BPMSU16080119 08/09/2016 08/09/2016 Libros  
    Dewey Decimal Classification     Colección General Biblioteca Pública Metropolitana Salomé Ureña Biblioteca Pública Metropolitana Salomé Ureña 08/09/2016   861.3 V521p BPMSU16080120 08/09/2016 08/09/2016 Libros e. 2